000 00508nam a2200193 a 4500
001 1766296075865
003 YourLibrary
005 20251221111917.0
008 251221s2007##################000#0#eng##
020 _a9780781769983
082 0 4 _a616.86
_bGIT
100 1 _aGitlow, Stuart,
_eauthor.
245 1 0 _aSubstance Use Disorders :
260 _bLippincott Williams & Wilkins,
_c2007.
300 _a356 pages
650 0 _aPsychology.
942 _cENGLISH
040 _aYourLibrary
_beng
_cYourLibrary
999 _c603353
_d603353